「草」がつく駅名 - Statistics

General Stats
  • This quiz has been taken 183 times
  • The average score is 11 of 26
Answer Stats
都府県 駅名 % Correct
滋賀県 草津
90%
広島県 草津
90%
滋賀県 南草津
73%
福島県 草野
70%
兵庫県 草野
70%
埼玉県 草加
64%
群馬県 長野原草津口
62%
東京都 浅草(東武・地下鉄)
59%
東京都 浅草(TX)
59%
静岡県 草薙(静鉄)
52%
静岡県 草薙(JR)
52%
東京都 浅草橋
51%
愛知県 八草
50%
東京都 下井草
38%
東京都 上井草
37%
東京都 百草園
37%
長崎県 大草
27%
山口県 草江
25%
広島県 草津南
25%
岩手県 松草
22%
京都府 龍谷大前深草
21%
千葉県 作草部
18%
鹿児島県 草道
8%
山口県 名草
8%
福岡県 筑後草野
7%
秋田県 萱草
5%
No matching quizzes found
Score Distribution
Percent of People with Each Score
Percentile by Number Answered
Your Score History
You have not taken this quiz